Penology for profit : a history of the Texas prison system, 1867-1912 /

Bibliographic Details
Main Author: Walker, Donald R. (Donald Roy), 1941-
Corporate Author: NetLibrary, Inc
Format: eBook
Language:English
Published: College Station : Texas A & M University Press, [1988]
Edition:1st ed.
Series:Texas A & M southwestern studies ; no. 7.
Subjects:
Online Access:Connect to the full text of this electronic book

MARC

Tag First Indicator Second Indicator Subfields
LEADER 00000cam a2200000La 4500
001 in00001579621
005 20220103182154.0
006 m u
007 cr cn-
008 001008s1988 txua sb 001 0 eng d
010 |z  87018048  
020 |a 0585174709 (electronic bk.) :  |c $32.95 
020 |z 0890963150 (alk. paper) 
035 |a (OCoLC)ocm44955489 
040 |a N$T  |c N$T  |d OCL  |d UtOrBLW 
043 |a n-us-tx 
049 |a IKMN 
050 1 4 |a HV8929.T42  |b W34 1988eb 
082 0 4 |a 365/.65/09764  |2 19 
100 1 |a Walker, Donald R.  |q (Donald Roy),  |d 1941-  |0 http://id.loc.gov/authorities/names/n86039032 
245 1 0 |a Penology for profit :  |b a history of the Texas prison system, 1867-1912 /  |c by Donald R. Walker. 
250 |a 1st ed. 
264 1 |a College Station :  |b Texas A & M University Press,  |c [1988] 
264 4 |c ©1988 
300 |a 216 pages :  |b illustrations ;  |c 24 cm. 
336 |a text  |b txt  |2 rdacontent 
337 |a computer  |b c  |2 rdamedia 
338 |a online resource  |b cr  |2 rdacarrier 
490 1 |a Texas A & M southwestern studies ;  |v no. 7 
504 |a Includes bibliographical references (pages [201]-209) and index. 
533 |a Electronic reproduction.  |b Boulder, Colo. :  |c NetLibrary,  |d 2000.  |n Available via the World Wide Web.  |n Available in multiple electronic file formats.  |n Access may be limited to NetLibrary affiliated libraries. 
500 |a Electronic resource. 
650 0 |a Convict labor  |z Texas  |x History. 
655 7 |a Electronic books.  |2 local 
710 2 |a NetLibrary, Inc.  |0 http://id.loc.gov/authorities/names/no99080690 
776 1 |c Original  |w (DLC) 87018048  |w (OCoLC)16647680 
830 0 |a Texas A & M southwestern studies ;  |v no. 7.  |0 http://id.loc.gov/authorities/names/n83722117 
856 4 1 |u https://proxy.library.tamu.edu/login?url=http://www.netLibrary.com/urlapi.asp?action=summary&v=1&bookid=18242  |z Connect to the full text of this electronic book  |t 0 
994 |a 92  |b IKM 
999 |a MARS 
999 f f |s 8167aeaa-78f1-3358-a46c-ce49f1023712  |i a8b21243-20cf-37af-9452-5d2dc67110ff  |t 0 
952 f f |a Texas A&M University  |b College Station  |c Electronic Resources  |d Available Online  |t 0  |e HV8929.T42 W34 1988eb  |h Library of Congress classification 
998 f f |a HV8929.T42 W34 1988eb  |t 0  |l Available Online